| 000 | 00667 a2200193 4500 | ||
|---|---|---|---|
| 001 | 216222464 | ||
| 003 | UA-OsUOA | ||
| 005 | 20220823152439.0 | ||
| 008 | 220607b un ||||| |||| 00| 0 ukr d | ||
| 040 |
_aUA-OsUOA _bukr _cUA-OsUOA _dUA-OsUOA |
||
| 041 | _aukr | ||
| 080 | _a050 | ||
| 090 |
_a050 _bН37 |
||
| 245 |
_aНаше життя _n2017: № 7-12; 2018: № 1-12; 2019: № 1-6, 9-11; 2020: № 1-12; 2021: № 5; 2022: № 1 |
||
| 650 |
_2UDC _a050 Періодичні видання |
||
| 942 |
_cMG _2udc |
||
| 955 | _a0 | ||
| 999 |
_c572607 _d572607 |
||